Top 500 filmów po jego opisie! - Statystyki

Ogólne statystyki
  • Ten quiz został rozwiązany 49 razy
  • Średni wynik to 67 z 500
Statystyki odpowiedzi
TOP: Tytuł filmu: Opis filmu: % Poprawnych
2 Zielona mila Emerytowany strażnik więzienny opowiada przyjaciółce o niezwykłym mężczyźnie, którego skazano na śmierć za zabójstwo dwóch 9-letnich dziewczynek.
91%
86 Ojciec Kobieta próbuje zaopiekować się ojcem wykazującym oznaki demencji, który mimo postępującej choroby pragnie pozostać samodzielny.
78%
4 Ojciec chrzestny Opowieść o nowojorskiej rodzinie mafijnej. Starzejący się Don Corleone pragnie przekazać władzę swojemu synowi.
78%
6 Forrest Gump Historia życia chłopca o niskim ilorazie inteligencji z niedowładem kończyn, który staje się miliarderem i bohaterem wojny w Wietnamie.
69%
17 Pianista Podczas drugiej wojny światowej Władysław Szpilman, znakomity polski pianista, stara się przeżyć w okupowanej Warszawie.
69%
19 Król Lew Targany niesłusznymi wyrzutami sumienia po śmierci ojca mały lew Simba skazuje się na wygnanie, rezygnując z przynależnego mu miejsca na czele stada.
66%
1 Skazani na Shawshank Niesłusznie skazany na dożywocie bankier, stara się przetrwać w brutalnym, więziennym świecie.
63%
30 Gladiator Generał Maximus - prawa ręka cesarza, szczęśliwy mąż i ojciec - w jednej chwili traci wszystko. Jako niewolnik musi walczyć na arenie o przeżycie.
59%
10 Lista Schindlera Historia przedsiębiorcy Oskara, który podczas II wojny światowej uratował przed pobytem w obozach koncentracyjnych 1100 Żydów.
59%
11 Pulp Fiction Przemoc i odkupienie w opowieści o dwóch płatnych mordercach pracujących na zlecenie mafii, żonie gangstera, bokserze i parze okradającej ludzi w restauracji.
59%
169 Chłopi Na tle zmieniających się pór roku i sezonowych prac polowych rozgrywają się losy rodziny Borynów i pięknej, tajemniczej Jagny.
56%
8 Ojciec chrzestny II Rok 1917. Młody Vito Corleone stawia pierwsze kroki w mafijnym świecie Nowego Jorku. Ponad 40 lat później jego syn Michael walczy o interesy i dobro rodziny.
56%
32 Szeregowiec Ryan W poszukiwaniu zaginionego szeregowca wysłany zostaje doborowy oddział żołnierzy.
56%
13 Władca Pierścieni: Dwie wieże Drużyna Pierścienia zostaje rozbita, lecz zdesperowany Frodo za wszelką cenę chce wypełnić powierzone mu zadanie. Aragorn z towarzyszami przygotowuje się, by odeprzeć atak hord Sarumana.
56%
23 Joker Strudzony życiem komik popada w obłęd i staje się psychopatycznym mordercą.
53%
18 Milczenie owiec Seryjny morderca i inteligentna agentka łączą siły, by znaleźć przestępcę obdzierającego ze skóry swoje ofiary.
53%
21 Piękny umysł Geniusz matematyczny John Nash za wszelką cenę pragnie opracować teorię, dzięki której zostanie cenionym naukowcem. Przeszkodą staje się jego stopniowo rozwijająca choroba.
53%
14 Siedem Dwóch policjantów stara się złapać seryjnego mordercę wybierającego swoje ofiary według specjalnego klucza - siedmiu grzechów głównych.
53%
5 Dwunastu gniewnych ludzi Dwunastu przysięgłych ma wydać wyrok w procesie o morderstwo. Jeden z nich ma wątpliwości dotyczące winy oskarżonego.
50%
22 Incepcja Czasy, gdy technologia pozwala na wchodzenie w świat snów. Złodziej Cobb ma za zadanie wszczepić myśl do śpiącego umysłu.
50%
28 Leon zawodowiec Płatny morderca ratuje dwunastoletnią dziewczynkę, której rodzina została zabita przez skorumpowanych policjantów.
50%
7 Lot nad kukułczym gniazdem Historia złodzieja, szulera i chuligana, który, by uniknąć więzienia, udaje niepoczytalność. Trafia do szpitala dla umysłowo chorych, gdzie twardą ręką rządzi siostra Ratched.
50%
3 Nietykalni Sparaliżowany milioner zatrudnia do opieki młodego chłopaka z przedmieścia, który właśnie wyszedł z więzienia.
50%
239 Nietykalni Chicago, rok 1931, czas prohibicji i rządów Ala Capone. Przybyły do miasta agent Eliot Ness wraz z grupką "Nietykalnych" walczy z nielegalnym handlem alkoholem.
50%
9 Władca Pierścieni: Powrót króla Zwieńczenie filmowej trylogii wg powieści Tolkiena. Aragorn jednoczy siły Śródziemia, szykując się do bitwy, która ma odwrócić uwagę Saurona od podążających w kierunku Góry Przeznaczenia hobbitów.
50%
16 Chłopcy z ferajny Kilkunastoletni Henry i Tommy DeVito trafiają pod opiekę potężnego gangstera. Obaj szybko uczą się panujących w mafii reguł.
47%
20 Django Łowca nagród Schultz i czarnoskóry niewolnik wyruszają w podróż, aby odbić żonę tego drugiego z rąk bezlitosnego Calvina Candie'ego.
47%
79 Ojciec chrzestny III Rok 1979. Starzejący się Michael Corleone chce zalegalizować swoje interesy i wyprowadzić rodzinę z mafijnego świata.
47%
220 Psy Franz Maurer, były funkcjonariusz Służby Bezpieczeństwa, zaczyna pracę w policji. Tymczasem jego kolega oferuje swoje usługi przestępcom.
47%
117 Taksówkarz Nowojorski taksówkarz Travis Bickle podczas nocnej zmiany poznaje młodocianą prostytutkę, której pragnie pomóc.
47%
38 Chłopiec w pasiastej piżamie Ośmioletni syn niemieckiego oficera SS zaprzyjaźnia się z żydowskim chłopcem przebywającym w obozie.
44%
118 Gra W dniu 48. urodzin Nicholas Van Orton zostaje zaproszony do tajemniczej gry, która odmienia jego monotonne życie.
44%
250 Matrix Haker komputerowy Neo dowiaduje się od tajemniczych rebeliantów, że świat, w którym żyje, jest tylko obrazem przesyłanym do jego mózgu przez roboty.
44%
194 Sam Opóźniony umysłowo mężczyzna walczy w sądzie z opieką społeczną, która chce odebrać mu prawa rodzicielskie do siedmioletniej córki.
44%
107 Sami swoi Zwaśnione od wielu lat rodziny Pawlaków i Kargulów trafiają z Kresów Wschodnich na Ziemie Odzyskane.
44%
46 Władca Pierścieni: Drużyna Pierścienia Podróż hobbita z Shire i jego ośmiu towarzyszy, której celem jest zniszczenie potężnego pierścienia pożądanego przez Czarnego Władcę - Saurona.
44%
436 Avengers Grupa superbohaterów, na czele z Thorem, Iron Manem i Hulkiem, łączy siły, by obronić Ziemię przed inwazją kosmitów.
41%
61 Bogowie Profesor Zbigniew Religa, utalentowany kardiochirurg wierzy, że jest w stanie dokonać przeszczepu serca. Nie poddaje się mimo wielu nieudanych operacji.
41%
131 Miś Pełne paradoksów i komizmu życie prezesa klubu sportowego "Tęcza" w czasach PRL-u.
41%
51 Mroczny Rycerz Batman, z pomocą porucznika Gordona oraz prokuratora Harveya Denta, występuje przeciwko przerażającemu i nieobliczalnemu Jokerowi, który chce pogrążyć Gotham City w chaosie.
41%
97 Shrek By odzyskać swój dom, brzydki ogr z gadatliwym osłem wyruszają uwolnić piękną księżniczkę.
41%
114 Dzień świra Adaś Miauczyński, 49-letni rozwiedziony polonista, żyje w kręgu swoich natręctw, nie potrafiąc wyrwać się z nudy i rutyny dnia codziennego.
38%
251 Iron Man Tony Stark buduje supernowoczesną zbroję. Multimiliarder postanawia walczyć ze złem jako Iron Man.
38%
59 Pamiętnik Stary mężczyzna czyta chorej na Alzheimera kobiecie pamiętnik opisujący historię miłości dziewczyny z zamożnego domu i ubogiego pracownika tartaku.
38%
37 Zapach kobiety Niewidomy emerytowany pułkownik Frank Slade staje się najlepszym nauczycielem życia dla nieśmiałego studenta.
38%
12 Życie jest piękne Zamknięty w obozie koncentracyjnym wraz z synem Guido próbuje przekonać chłopca, że okrutna rzeczywistość jest jedynie formą zabawy dla dorosłych.
38%
53 Bękarty wojny W okupowanej przez nazistów Francji oddział złożony z Amerykanów żydowskiego pochodzenia planuje zamach na Hitlera.
34%
34 Braveheart - Waleczne Serce Żona Williama Wallace'a zostaje zamordowana przez angielskich żołnierzy. Zrozpaczony Szkot mści się na oprawcach i prowadzi rodaków do walki o odzyskanie wolności.
34%
25 Człowiek z blizną Rok 1980. Pochodzący z Kuby przestępca, Tony Montana, tworzy w Miami narkotykowe imperium.
34%
263 Diuna Szlachetny ród Atrydów przybywa na Diunę, będącą jedynym źródłem najcenniejszej substancji we wszechświecie.
34%
31 Green Book Drobny cwaniaczek z Bronksu zostaje szoferem ekstrawaganckiego muzyka z wyższych sfer i razem wyruszają na wielotygodniowe tournée.
34%
113 Lśnienie Jack podejmuje pracę stróża odciętego od świata hotelu Overlook. Wkrótce idylla zamienia się w koszmar.
34%
109 Oppenheimer Historia amerykańskiego naukowca J. Roberta i jego roli w stworzeniu bomby atomowej.
34%
15 Podziemny krąg Cierpiący na bezsenność mężczyzna poznaje gardzącego konsumpcyjnym stylem życia Tylera Durdena, który jest jego zupełnym przeciwieństwem.
34%
177 Rocky Historia Rocky'ego Balboa, boksera-amatora, któremu nadarza się okazja stoczenia walki o tytuł mistrza świata wagi ciężkiej.
34%
33 Buntownik z wyboru Will, matematyczny geniusz gardzący formalnym wykształceniem, zostaje oskarżony o pobicie policjanta. Profesor MIT, świadomy talentu chłopaka, proponuje mu, aby w zamian za zwolnienie z aresztu podjął naukę i terapię psychologiczną.
31%
26 Coco Dwunastoletni meksykański chłopiec imieniem Miguel usiłuje zgłębić tajemnice rodzinnej legendy.
31%
41 Dobry, zły i brzydki Dziki Zachód. Brzydki i Dobry usiłują dotrzeć do ukrytego przez wojsko skarbu. Po piętach depcze im Zły.
31%
90 Jak rozpętałem drugą wojnę światową Pechowy szeregowiec Franek Dolas myśli, że rozpętał II wojnę światową. Chcąc zabłysnąć bohaterskimi czynami, plącze się w coraz większe tarapaty.
31%
156 Kiler Jerzy Kiler, warszawski taksówkarz, przypadkowo zostaje wzięty za płatnego zabójcę i umieszczony w areszcie. Wyciąga go stamtąd boss świata przestępczego, który oferuje mu nowe zadanie.
31%
143 Wilk z Wall Street Historia Jordana Belforta, brokera, którego błyskawiczna droga na szczyt i rozrzutny styl życia wzbudziły zainteresowanie FBI.
31%
27 Wyspa tajemnic Szeryf federalny Daniels stara się dowiedzieć, jakim sposobem z zamkniętej celi w pilnie strzeżonym szpitalu dla chorych psychicznie przestępców zniknęła pacjentka.
31%
255 Znachor Historia znanego chirurga Wilczura, którego opuszcza ukochana żona. Zrozpaczony lekarz zaczyna pić i wdaje się w burdę, co skutkuje utratą pamięci.
31%
67 Avengers: Koniec gry Po wymazaniu połowy życia we Wszechświecie przez Thanosa Avengersi starają się zrobić wszystko, co konieczne, aby pokonać szalonego tytana.
28%
312 Batman - Początek Historia milionera Bruce'a Wayne'a, który przemienia się w Batmana – postrach przestępców Gotham City.
28%
115 Bohemian Rhapsody Dzięki oryginalnemu brzmieniu Queen staje się jednym z najpopularniejszych zespołów w historii muzyki.
28%
35 Czas Apokalipsy Adaptacja opowiadania Josepha Conrada "Jądro ciemności". Przeniesiona w realia wojny wietnamskiej historia kapitana Willarda, który otrzymuje misję odnalezienia i zlikwidowania pułkownika Kurtza.
28%
60 Interstellar Byt ludzkości na Ziemi dobiega końca wskutek zmian klimatycznych. Grupa naukowców odkrywa tunel czasoprzestrzenny, który umożliwia poszukiwanie nowego domu.
28%
406 Madagaskar Lew, zebra, hipopotam i żyrafa zostają wysłane statkiem z nowojorskiego zoo do Afryki. Pośrodku oceanu ich klatki wypadają za burtę pokładu, w wyniku czego zwierzęta lądują na brzegu egzotycznej wyspy.
28%
198 Mulan Aby ratować ojca przed śmiercią na wojnie, Mulan ucieka z domu i przebrana za mężczyznę szkoli się w armii.
28%
42 Przełęcz ocalonych Schyłek II wojny światowej. Podczas krwawej bitwy o Okinawę amerykański sanitariusz odmawia noszenia broni i zabijania z powodów moralnych.
28%
63 Psychoza Dziewczyna uciekająca ze skradzionymi pieniędzmi zatrzymuje się w pensjonacie prowadzonym przez młodego Normana Batesa.
28%
488 Toy Story W świecie zabawek Andy'ego, których niekwestionowanym liderem był dotychczas kowboj Chudy, pojawia się nowa zabawka - astronauta Buzz.
28%
36 Whiplash Młody i ambitny perkusista za wszelką cenę pragnie dołączyć do czołówki najwybitniejszych artystów muzyki jazzowej.
28%
202 Czarny łabędź Ambitna tancerka bierze udział w walce o główna rolę w spektaklu "Jezioro łabędzie". Jest gotowa wiele poświęcić, by osiągnąć cel.
25%
259 Duma i uprzedzenie Ekranizacja powieści Jane Austen. Życie pięciu sióstr w georgiańskiej Anglii odmienia się, gdy do sąsiedztwa sprowadza się dwóch kawalerów.
25%
50 Gorączka Zawodowy przestępca Neil McCauley organizuje zbrojny napad na opancerzoną furgonetkę. Śledztwo w tej sprawie prowadzi Vincent Hanna.
25%
289 Harry Potter i Czara Ognia Harry Potter musi wziąć udział w Turnieju Trójmagicznym, kiedy jego nazwisko zostaje wybrane przez tajemniczą Czarę Ognia.
25%
196 Harry Potter i więzień Azkabanu Z więzienia ucieka Syriusz Black, Harry nie może już czuć się bezpiecznie w szkole.
25%
304 Marsjanin Po nieudanej ekspedycji Mark zostaje sam na Marsie. Mimo znikomych zapasów oraz zerwanej łączności z dowództwem mężczyzna stara się przetrwać w trudnych warunkach.
25%
482 Pasja Ostatnie godziny z życia Jezusa z Nazaretu: od modlitwy w Gaju Oliwnym, przez męczeńską śmierć, po zmartwychwstanie.
25%
139 Piraci z Karaibów: Klątwa Czarnej Perły Kowal Will Turner sprzymierza się z kapitanem Jackiem Sparrowem, by odzyskać swoją miłość - porwaną córkę gubernatora.
25%
57 Pluton Chris Taylor, młody żołnierz - ochotnik dołącza do plutonu walczącego w Wietnamie. Wkrótce doświadcza ogromnej potworności wojny.
25%
422 Powrót Ojciec dwóch nastoletnich chłopców wraca po 12 latach do domu. By poznać swoich synów na nowo, zabiera ich w podróż.
25%
129 Seksmisja W roku 2044 zostają odhibernowani dwaj ostatni przedstawiciele płci męskiej, wprowadzając chaos do idealnego świata rządzonego przez Ligę Kobiet.
25%
88 Siedmiu samurajów Nękani przez bandę zbirów mieszkańcy japońskiej wioski wynajmują siedmiu roninów, by bronili ich przed atakami.
25%
210 Vabank Warszawa lat 30. Kasiarz Kwinto wychodzi z więzienia i obmyśla zemstę na Kramerze, właścicielu banku, przez którego został aresztowany.
25%
345 Wesele Bogaty mieszkaniec małego miasteczka urządza córce wesele. Kiedy zabawa rozkręca się na całego, wszystko zaczyna się walić.
25%
70 Adwokat diabła Kevin Lomax - wybitny adwokat, skuszony intratną propozycją pracy, przeprowadza się do Nowego Jorku. Nie zdaje sobie jednak sprawy z tego, kim jest jego chlebodawca.
22%
49 Amadeusz Dwudziestosześcioletni Mozart przybywa do Wiednia, by prezentować swoją twórczość. Jego obecność drażni nadwornego kompozytora Józefa II - Antonio Salieriego, co jest powodem rywalizacji między artystami.
22%
43 Avengers: Wojna bez granic Potężny Thanos zbiera Kamienie Nieskończoności w celu narzucenia swojej woli wszystkim istnieniom we wszechświecie. Tylko drużyna superbohaterów znanych jako Avengers może go powstrzymać.
22%
158 Casablanca II wojna światowa, Casablanca. Właściciel nocnego klubu, Rick Blaine, spotyka swoją dawną miłość, Ilsę, która okazuje się być żoną działacza czeskiego ruchu oporu, Victora Laszlo. Dawne uczucia odżywają.
22%
111 Chłopaki nie płaczą Kuba, młody skrzypek, trafia w sam środek gangsterskich porachunków.
22%
174 Edward Nożycoręki Delikatny chłopak-cyborg, który zamiast dłoni ma nożyce, nagle zostaje bez opieki swojego twórcy. W pobliskim miasteczku poznaje nastolatkę, a potem zakochuje się w niej.
22%
24 Gran Torino Walt Kowalski to emerytowany weteran żyjący we własnym poukładanym świecie. Jego spokój zostaje zburzony przez nowych sąsiadów z Azji, których syn spróbuje ukraść mu ulubione auto.
22%
247 Hannibal Dr Hannibal Lecter wraca do Ameryki, by odnowić kontakt z agentką Starling. Jego śladem podąża okaleczony przez niego i pałający żądzą zemsty Mason Verger.
22%
375 Harry Potter i Kamień Filozoficzny W dniu jedenastych urodzin Harry dowiaduje się, że jest czarodziejem. Czeka na niego szkoła magii pełna tajemnic.
22%
147 Jak zostać królem Jest rok 1939. Jąkający się król Jerzy VI nie może przemawiać do ludu. Pomocy szuka u niekonwencjonalnego specjalisty od dykcji.
22%
83 Labirynt Sześcioletnia córka Kellera Dovera i jej koleżanka zostają uprowadzone. Zirytowany bezradnością policji ojciec bierze sprawy w swoje ręce.
22%
64 Łowca jeleni Trzech przyjaciół trafia do wietnamskiej niewoli. Udaje im się uciec, ale zostają rozdzieleni.
22%
227 Ostatni samuraj Kapitan Nathan Algren w niewoli u samurajów poznaje ich zwyczaje i znajduje spokój, którego od dawna szukał po wojnach z Indianami.
22%
52 Parasite Kiedy Ki-woo dostaje pracę jako korepetytor córki zamożnego małżeństwa, wymyśla sposób na zapewnienie zatrudnienia również reszcie swojej rodziny.
22%
355 Piękna i Bestia Zaklęcie wróżki zamienia okrutnego księcia w przerażającą Bestię. Aby zdjąć urok, Bestia musi zdobyć miłość pięknej Belli.
22%
149 Polowanie Podopieczna Lucasa oskarża go o molestowanie seksualne. Mężczyzna robi wszystko, aby udowodnić swoją niewinność.
22%
182 Poszukiwacze zaginionej Arki Rok 1936. Na zlecenie służb specjalnych amerykański archeolog, Indiana Jones, wyrusza do Egiptu, by odnaleźć legendarną Arkę Przymierza.
22%
123 Przeminęło z wiatrem Ekranizacja powieści Margaret Mitchell. Beztroska i bogata Scarlett O'Hara wikła się w burzliwy związek z Rhettem Butlerem.
22%
168 Sherlock Holmes Najsłynniejszy detektyw Sherlock Holmes z nieodłącznym przyjacielem dr. Watsonem szukają sprawcy rytualnych morderstw.
22%
315 Snajper Historia kariery wojskowej i życia osobistego Chrisa Kyle'a, który zyskał sławę najlepszego snajpera w historii elitarnej jednostki Navy SEALs.
22%
112 Stowarzyszenie Umarłych Poetów Charyzmatyczny nauczyciel języka angielskiego w konserwatywnym liceum stara się wpoić uczniom miłość do poezji i ideę "carpe diem".
22%
457 Truman Show Truman Burbank odkrywa, że jest głównym bohaterem reality show nadawanego 24 godziny na dobę.
22%
76 Zwierzogród Nick Bajer – żyjący z drobnych przekrętów szczwany lis, i Judy Hops – pierwszy w historii królik zatrudniony w policji, łączą siły, by rozwiązać pewną kryminalną zagadkę.
22%
100 Żywot Briana Brian, rówieśnik Chrystusa, przychodzi na świat w Betlejem i zostaje omyłkowo uznany za Mesjasza.
22%
320 Czerwony smok Kiedy w sprawie psychopatycznego zabójcy policja okazuje się bezradna, agent FBI prosi o pomoc pacjenta więziennego centrum psychiatrycznego, skazanego na dożywocie za wielokrotne morderstwa i kanibalizm.
19%
256 Człowiek słoń Cierpiący na rzadką chorobę mężczyzna, nazywany "człowiekiem słoniem", jest atrakcją cyrkową. Londyński medyk postanawia wykorzystać go do prezentacji naukowej.
19%
45 Dawno temu w Ameryce Ponad trzydzieści lat po okresie prohibicji były gangster powraca na Manhattan, by skonfrontować się ze swoją przeszłością. Wspomina czasy, gdy wraz z przyjaciółmi pokonywał kolejne szczeble mafijnej hierarchii.
19%
205 Donnie Darko Donnie Darko, uważany za nastolatka z zaburzeniami osobowości, spotyka Franka - tajemniczą postać w kostiumie królika, która zaczyna manipulować jego życiem.
19%
102 Filadelfia Chorujący na AIDS prawnik zostaje zwolniony z pracy. Walcząc o godność, podaje do sądu byłych pracodawców.
19%
454 Harry Potter i Zakon Feniksa Harry i jego przyjaciele zakładają tajne stowarzyszenie "Gwardię Dumbledore'a", aby przygotować się do starcia z Voldemortem.
19%
187 Imię róży Rok 1327, franciszkanin William z Baskerville zostaje poproszony o wyjaśnienie okoliczności śmierci zakonnika w benedyktyńskim klasztorze. Kolejne zabójstwa wywołują panikę.
19%
285 Kwiat pustyni Dziewczyna z somalijskiej pustyni opuszcza rodzinny kraj i nieoczekiwanie dla samej siebie wkracza do świata mody.
19%
157 Misja Ojciec Gabriel buduje misję dla Indian Guarani, korzystając z pomocy nawróconego łowcy niewolników. Gdy Hiszpania sprzedaje kolonię Portugalii, jezuici bronią swego dzieła przed agresją nowych panów.
19%
176 Mroczny Rycerz powstaje Po ośmiu latach nieobecności Batman wraca, by uratować Gotham City przed zamaskowanym terrorystą Bane'em.
19%
245 Nie ma mocnych Pawlak i Kargul szukają męża dla swojej wnuczki, chcąc w ten sposób zdobyć spadkobiercę.
19%
121 Pół żartem, pół serio Uciekający przed gangsterami bezrobotni muzycy Jerry i Joe przebierają się za kobiety i przyłączają do damskiego zespołu jazzowego. Tam poznają piękną Sugar Kane Kowalczyk.
19%
40 Prestiż Dwaj młodzi iluzjoniści żyją w przyjaznych stosunkach. Gdy ginie żona jednego z nich, mężczyźni stają się śmiertelnymi wrogami.
19%
165 Róża Były AK-owiec i wdowa po żołnierzu Wehrmachtu próbują wspólnie stawić czoło okrutnej rzeczywistości.
19%
108 Skrzypek na dachu Ubogi mleczarz Tewje postanawia wydać za mąż piątkę swoich córek.
19%
47 Służące Lata 60. XX wieku. Początkująca dziennikarka spisuje historie czarnoskórych służących wywołując skandal wśród wyższych sfer.
19%
105 Szósty zmysł Psycholog dziecięcy próbuje pomóc ośmioletniemu chłopcu widzącemu zmarłych poradzić sobie z tym niezwykłym darem.
19%
276 To nie jest kraj dla starych ludzi Gdy Llewelyn Moss znajduje walizkę zawierającą gotówkę, nie spodziewa się, że ściągnie na siebie niebezpieczeństwo w postaci psychopatycznego zabójcy, Antona Chigurha.
19%
130 Top Gun: Maverick Po ponad 20 latach służby w lotnictwie marynarki wojennej, Pete "Maverick" Mitchell zostaje wezwany do legendarnej szkoły. Ma wyszkolić nowe pokolenie pilotów do niezwykle trudnej misji.
19%
81 Trzy billboardy za Ebbing, Missouri Samotna matka, która straciła córkę w wyniku morderstwa, wynajmuje trzy tablice reklamowe i umieszcza na nich prowokacyjny przekaz.
19%
178 Wołyń Ojciec Zosi postanawia wydać ją za najbogatszego we wsi wdowca z dwójką dzieci, nie bacząc na to, że córka kocha ukraińskiego chłopca. Wkrótce życie lokalnej społeczności diametralnie zmienia II wojna światowa.
19%
94 Wróg u bram Druga wojna światowa. W oblężonym Stalingradzie dochodzi do pojedynku dwóch snajperów.
19%
350 1917 Dwóch młodych żołnierzy - Schofield i Blake dostają rozkaz przedostania się za linie wroga, aby dostarczyć tajną wiadomość, która pozwoli brytyjskim żołnierzy uniknąć wpadnięcia w śmiertelną pułapkę.
16%
380 300 Opowieść o jednej z najsłynniejszych bitew w dziejach. Garstka Spartan staje przeciwko perskiej potędze.
16%
231 Boże Ciało Dwudziestoletni Daniel zostaje warunkowo zwolniony z poprawczaka. Wyjeżdża na drugi koniec Polski, żeby pracować w stolarni, ale zamiast tego zaczyna udawać księdza.
16%
191 Donnie Brasco Film oparty na faktach. Agent FBI pod pseudonimem Donnie Brasco wnika w środowisko mafijne, by rozpracować je od środka.
16%
449 Dracula Rumuński książę, a w rzeczywistości wampir Vlad Dracula wyjeżdża do Londynu, gdzie mieszka kobieta przypominająca mu jego tragicznie utraconą ukochaną.
16%
261 Epoka lodowcowa W czasie wielkiej migracji zwierząt tygrys szablozębny, mamut i leniwiec starają się oddać ludzkie dziecko jego plemieniu.
16%
73 Full Metal Jacket Joker, młody rekrut, który pracuje jako korespondent wojenny, na własne oczy przekonuje się, czym jest wojna w Wietnamie.
16%
134 Helikopter w ogniu Oparty na faktach film opowiada o nieudanej akcji amerykańskiego oddziału 120 Delta, który miał za zadanie porwać dwóch poruczników zbuntowanych wojsk Somalii.
16%
290 Hobbit: Pustkowie Smauga Bilbo Baggins i kompania krasnoludów pod dowództwem Thorina Dębowej Tarczy kontynuują marsz w kierunku Samotnej Góry. Tymczasem Gandalf sprawdza pogłoski o siłach zła zamieszkujących twierdzę Dol Guldur.
16%
189 Indiana Jones i ostatnia krucjata Poszukiwacz przygód rusza tropem bezcennej relikwii, która według legendy zapewnia nieśmiertelność. W wyprawie towarzyszy mu ojciec.
16%
91 Jak wytresować smoka Chuderlawy Wiking przewróci porządek w wiosce, kiedy zamiast zabić w ramach inicjacji jakiegoś smoka, zaprzyjaźni się z najgroźniejszym z nich.
16%
244 Joe Black Śmierć pod pseudonimem Joe Black zjawia się po Williama. Nieoczekiwanie zakochuje się w jego córce.
16%
207 Kapitan Phillips Rok 2009. Dowodzony przez Richarda Phillipsa kontenerowiec MV Maersk Alabama zostaje porwany przez somalijskich piratów. Kapitan podejmuje walkę o ocalenie swojej załogi.
16%
48 Kasyno Las Vegas, rok 1973. Hazardzista i bukmacher, Sam "Ace" Rothstein, na polecenie mafii zostaje szefem jednego z największych kasyn w mieście.
16%
232 K-PAX Prot, pacjent szpitala psychiatrycznego, wierzy, że pochodzi z odległej planety K-PAX. Doktor Mark Powell stara się mu udowodnić, że nie jest to możliwe, ale wkrótce sam zaczyna mieć wątpliwości.
16%
172 Krótki film o zabijaniu Młody chłopak brutalnie morduje taksówkarza. Wobec braku okoliczności łagodzących zostaje skazany na karę śmierci.
16%
193 Łowca androidów Rok 2019. Rick Deckard jako członek specjalnego oddziału policji tropi i eliminuje replikantów - istoty stworzone za pomocą biotechnologii do wykonywania niebezpiecznych zadań.
16%
87 Mechaniczna pomarańcza Alex DeLarge wraz ze swoim gangiem sieje spustoszenie na ulicach. Kiedy trafia do więzienia, otrzymuje propozycję odmiany swojego życia.
16%
347 Nie lubię poniedziałku Historie kilku osób, które borykają się z przeciwnościami losu w feralny poniedziałek.
16%
183 Piraci z Karaibów: Na krańcu świata Will Turner i Elizabeth Swan wyruszają w podróż na kraniec świata, by uratować kapitana Jacka Sparrowa z pułapki Davy'ego Jonesa.
16%
142 Piraci z Karaibów: Skrzynia umarlaka Jack Sparrow musi spłacić dług zaciągnięty wobec kapitana Latającego Holendra. Uniknie śmierci, gdy znajdzie i zniszczy serce Davy'ego Jonesa ukryte w Skrzyni Umarlaka.
16%
126 Pokój Pięcioletni Jack od urodzenia mieszka z mamą w niewielkim pomieszczeniu, które nazywają Pokojem. Chłopiec nie zdaje sobie sprawy, że istnieje świat na zewnątrz.
16%
252 Ray Historia legendy jazzu i bluesa, Raya Charlesa, który pomimo niepełnosprawności zdobywa sławę.
16%
298 Ścigany Szanowany chirurg Richard Kimble zostaje oskarżony o morderstwo żony i skazany na śmierć. Gdy w drodze do więzienia ucieka, jego śladem rusza szeryf Samuel Gerard.
16%
240 Senna Oparta na faktach historia o brazylijskiej legendzie Formuły 1, który przez wielu fanów wyścigów samochodowych uważany jest za najlepszego kierowcę wszech czasów.
16%
446 Shrek 2 Shrek i Fiona postanawiają odwiedzić rodziców księżniczki, którzy nie wiedzą jednak, że poślubiła ona ogra, a sama zmieniła się w ogrzycę.
16%
373 Szklana pułapka Policjant rozprawia się z niebezpiecznymi terrorystami, którzy opanowali biurowiec. Stawką jest życie wielu osób.
16%
188 Tańczący z wilkami Oficer armii amerykańskiej w czasach wojny secesyjnej zostaje wysłany do opuszczonej placówki i zaprzyjaźnia się z okolicznymi Indianami.
16%
292 Tożsamość Bourne'a Jason Bourne w wyniku wypadku traci pamięć. Wszystko wskazuje na to, że był członkiem tajnego programu CIA.
16%
230 Uprowadzona Bryan, były agent służb specjalnych, rusza do Paryża, by ratować swoją 17-letnią córkę porwaną przez gang handlujący kobietami.
16%
163 W głowie się nie mieści Życiem Riley kieruje pięć emocji: Radość, Strach, Gniew, Odraza i Smutek. Pozostałe próbują zakłócić pierwszą, gdy dziewczyna przeprowadza się z rodzicami do San Francisco.
16%
29 Więzień nienawiści Były neonazista po wyjściu z więzienia stara się przekonać młodszego brata, by nie podążał jego śladem.
16%
74 Wściekłe psy Po nieudanym napadzie na sklep jubilerski kilku złodziei zdaje sobie sprawę, że jest wśród nich zdrajca, który powiedział policji o ich planie.
16%
242 Wściekły Byk Życiorys Jake'a La Motty, zawodowego mistrza wagi średniej w boksie, który na ringu odznaczał się wyjątkową brutalnością i wolą walki.
16%
84 Żądło Lata trzydzieste w USA. Dwóch przyjaciół, drobnych oszustów, postanawia zemścić się na wpływowym gangsterze za śmierć swojego przyjaciela. Wymyślają więc przekręt wszech czasów.
16%
268 Zaplątani Żyjąca na odludziu Roszpunka, której włosy mają magiczną moc, marzy, by poznać świat. Jej przepustką do wolności jest czarujący łotrzyk Flynn.
16%
214 Ziemia obiecana Trzej przyjaciele, Karol, Maks i Moryc, zakładają fabrykę w Łodzi, chcąc jak najszybciej dorobić się fortuny.
16%
89 Złap mnie, jeśli potrafisz Oparta na faktach historia młodego fałszerza, który w latach 60., podając się za pilotów, lekarzy i profesorów, wyłudził z banków ponad 2,5 mln dolarów.
16%
307 Amator Młody zaopatrzeniowiec kupuje kamerę filmową, aby uwiecznić na taśmie narodziny i rozwój swojej córeczki. Z biegiem czasu zaczyna odkrywać w sobie nową pasję.
13%
228 American Beauty Przechodzący kryzys wieku średniego mieszkaniec przedmieść Lester Burnham zakochuje się w koleżance swojej nastoletniej córki.
13%
316 Brudny Harry Szaleniec o pseudonimie Skorpion strzela do ludzi z dachów i szantażuje burmistrza San Francisco. Może go unieszkodliwić jedynie inspektor Callahan, znany ze stosowania brutalnych metod wobec przestępców.
13%
186 Ciekawy przypadek Benjamina Buttona Historia Benjamina Buttona, który zamiast starzeć się - młodniał.
13%
152 Co gryzie Gilberta Grape'a Gilbert wiedzie nudne życie zajmując się swoim chorym umysłowo bratem, dwiema siostrami i otyłą matką. Dopiero poznanie Becky odmieni jego życie.
13%
306 Deadpool Były żołnierz oddziałów specjalnych zostaje poddany niebezpiecznemu eksperymentowi. Niebawem uwalnia swoje alter ego i rozpoczyna polowanie na człowieka, który niemal zniszczył jego życie.
13%
463 Dirty Dancing Szesnastoletnia Frances poznaje na wakacjach w ekskluzywnym ośrodku wypoczynkowym przystojnego instruktora tańca. Mimo wielu różnic łączy ich wspólna pasja.
13%
190 Dług Dwaj przyjaciele chcą założyć własny interes, ale nie mogą zdobyć pieniędzy. Wkrótce staną się ofiarami szantażysty, który zażąda od nich spłaty wyimaginowanego długu.
13%
266 Dziecko Rosemary Młoda mężatka spodziewa się potomka diabła.
13%
204 Dziewczyna z tatuażem Ekranizacja powieści Stiega Larssona. Dziennikarz oskarżony o zniesławienie otrzymuje zlecenie zbadania zaginięcia przed 40 laty 16-letniej Harriet Vanger.
13%
456 Egzorcysta Kiedy córka aktorki zaczyna się dziwnie zachowywać, a lekarze orzekają, że jest zdrowa, kobieta wzywa egzorcystę.
13%
359 Fargo Aby wydostać się z finansowych tarapatów, Jerry musi zdobyć sporą sumę pieniędzy. Postanawia porwać własną żonę i wyłudzić okup od teścia.
13%
161 Grand Budapest Hotel Konsjerż słynnego hotelu zawiera znajomość z młodym pracownikiem, który zostaje jego zaufanym protegowanym.
13%
44 Gwiezdne wojny: Część VI - Powrót Jedi Luke Skywalker skończył trening na rycerza jedi. Teraz jako wyszkolony wojownik musi walczyć z mrocznym lordem Vaderem.
13%
382 Harry Potter i Książę Półkrwi Harry, by ostatecznie pokonać Voldemorta, musi poznać jego przeszłość.
13%
243 Hobbit: Niezwykła podróż Hobbit Bilbo Baggins, przy udziale czarodzieja Gandalfa, dołącza do kompanii krasnoludów pod dowództwem Thorina Dębowej Tarczy. Celem ich wyprawy jest wydarcie Samotnej Góry i jej bogactw spod władzy smoka Smauga.
13%
314 Jestem Bogiem Cierpiący na brak weny pisarz, Eddie, zaczyna stosować narkotyk, który zwiększa jego potencjał intelektualny. Dzięki używce mężczyzna odnosi sukcesy.
13%
379 Jestem legendą Tajemniczy wirus wymordował lub zamienił w krwiożercze bestie prawie całą ludzkość. Samotny naukowiec Robert Neville poszukuje szczepionki, by odwrócić mutację.
13%
264 Jojo Rabbit Młody Niemiec Jojo, członek nazistowskiej organizacji dla młodzieży Jungvolk, pomaga Żydówce. Jednocześnie próbuje pozostać nazistą.
13%
274 Kabaret Występująca w podrzędnym berlińskim kabarecie Sally poznaje Brytyjczyka - Briana. Zakochują się w sobie, a ich związek przeplata się z dojściem nazistów do władzy.
13%
489 Kill Bill 2 Czarna Mamba kontynuuje swoją krwawą zemstę na byłym szefie Billu i jego współpracownikach, którzy zniszczyli jej życie.
13%
383 Kraina lodu Księżniczka Elsa ucieka ze swojej koronacji w góry, gdzie tworzy lodowy pałac.
13%
400 Mały Książę Mały Książę opowiada swoją historię pilotowi, którego samolot rozbił się na Saharze.
13%
491 Miłość Georges i Anna są kochającym się małżeństwem z 50-letnim stażem. Ich spokój zakłóca postępująca choroba kobiety.
13%
65 Mój przyjaciel Hachiko Profesor Parker Wilson poszukuje domu dla bezdomnego psa. Wkrótce między nim a zwierzęciem rodzi się niezwykła więź.
13%
72 Monty Python i Święty Graal Król Artur zbiera rycerzy i wyrusza na poszukiwanie Świętego Graala, skutkiem czego przeżyją wspólnie wiele absurdalnych przygód.
13%
235 Nienawistna ósemka Dwaj łowcy głów, próbując znaleźć schronienie przed zamiecią śnieżną, trafiają do Wyoming, gdzie wplątani zostają w splot krwawych wydarzeń.
13%
340 Nóż w wodzie Podczas podróży nad jezioro małżeństwo zabiera młodego człowieka, którego następnie zaprasza na swój jacht. W trakcie rejsu dochodzi do rywalizacji pomiędzy mężczyznami.
13%
327 Ostatnia rodzina Dziennikarz muzyczny, tłumacz i eseista Tomasz Beksiński wprowadza się do mieszkania obok swoich rodziców. Niebawem wychodzi na jaw, że nad rodziną ciąży fatum.
13%
295 Polowanie na Czerwony Październik Radziecki atomowy okręt podwodny wypływa w swój pierwszy rejs. Jego dowódca ogłasza, że zamierza zdezerterować, co nie podoba się władzom ZSRR, które wysyłają za nim pościg.
13%
398 Popiół i diament Maćka, młodego AK-owca, ogarniają wątpliwości co do sensu prowadzenia dalszej walki zbrojnej, tym razem przeciw komunistom. Zabicie sekretarza PPR, Szczuki, jest ostatnim zadaniem, które ma wykonać.
13%
417 Potwory i spółka Potwory straszą dzieci, bo to ich praca, ale w rzeczywistości panicznie się ich boją. Pewnego razu do ich świata trafia dziewczynka, która nie czuje przed nimi strachu.
13%
103 Przerwana lekcja muzyki Susanna poznaje Lisę w zakładzie psychiatrycznym. Od niej uczy się akceptacji siebie.
13%
133 Przesłuchanie Artystka kabaretowa zostaje upita i aresztowana. Funkcjonariusze UB żądają od niej zeznań obciążających jej kolegę z zespołu.
13%
71 Rain Man Karierowicz Charlie dostaje informację o śmierci ojca, z którym od lat nie miał kontaktu. Z testamentu dowiaduje się, że ma starszego brata chorego na autyzm.
13%
192 Śniadanie u Tiffany'ego Początkujący pisarz Paul Varjak wprowadza się do eleganckiej nowojorskiej kamienicy. Jego sąsiadką jest śliczna Holly żyjąca na koszt bogatych adoratorów.
13%
381 Spotlight Dziennikarze bostońskiej gazety trafiają na trop wielkiego pedofilskiego skandalu w Kościele rzymskokatolickim.
13%
452 Strażnicy Galaktyki Po kradzieży potężnego artefaktu niezdarny awanturnik, Peter Quill, staje się celem Ronana, który pragnie wywołać wojnę w galaktyce. Aby przeżyć, łączy swoje siły z czterema innymi autsajderami.
13%
171 Symetria Młody mężczyzna zostaje niesłusznie skazany za rzekomą napaść na staruszkę. W więzieniu stara się dołączyć do grupy grypsujących.
13%
453 Szybcy i wściekli Policjant przenika do grupy organizującej nielegalne wyścigi samochodowe. Sytuacja komplikuje się, gdy poznaje bliżej siostrę lidera przestępców.
13%
267 Wyznania gejszy Dziewięcioletnia Chiyo zostaje sprzedana do domu gejsz. Jako dorosła i sławna jest świadkiem drugiej wojny światowej, która zmienia świat, w którym się wychowywała.
13%
140 Za wszelką cenę Trzydziestolatka prosi emerytowanego trenera o pomoc w osiągnięciu sukcesu na ringu boksu zawodowego.
13%
181 Absolwent Absolwent college'u nawiązuje romans ze starszą sąsiadką. Wkrótce zakochuje się w jej córce.
9%
336 Amelia Żyjąca sama w wielkim Paryżu Amelia postanawia, że będzie uszczęśliwiać ludzi.
9%
344 Annie Hall Historia burzliwego związku Alvy'ego Singera, błyskotliwego nowojorskiego komika, z piosenkarką Annie Hall.
9%
146 Bez przebaczenia Emerytowany rewolwerowiec podejmuje się zemsty na zlecenie okaleczonej prostytutki.
9%
319 Był sobie pies Pies odnajduje sens swego istnienia, gdy po odejściu z tego świata niespodziewanie odradza się ponownie w kolejnym psim wcieleniu.
9%
310 Cast Away - poza światem W wyniku katastrofy lotniczej inżynier firmy kurierskiej trafia na bezludną wyspę, gdzie musi przeżyć.
9%
75 Cinema Paradiso Zauroczony magią filmu Toto spędza w kinie cały wolny czas. Chłopiec zaprzyjaźnia się z operatorem Alfredo.
9%
338 Czas zabijania Grupa adwokatów, broniąc w sądzie czarnoskórego mężczyznę, który zabił gwałcicieli swojej córki, ściąga na siebie poważne niebezpieczeństwo.
9%
138 Efekt motyla Evan, który potrafi podróżować w czasie, przekona się, że nawet najdrobniejsza zmiana w przeszłości ma kolosalny wpływ na teraźniejszość.
9%
369 Gnijąca panna młoda Victor przypadkiem oświadcza się nieżyjącej dziewczynie. Nieboszczka zabiera młodzieńca ze sobą do świata zmarłych, by go poślubić.
9%
39 Gwiezdne wojny: Część V - Imperium kontratakuje Imperator rozkazuje swojemu uczniowi Darthowi Vaderowi odnalezienie Luke'a Skywalkera, by zmusić go do przejścia na ciemną stronę Mocy.
9%
286 Hair Claude Bukowski, zwykły chłopak z Oklahomy, zjawia się w Nowym Jorku, by wstąpić do armii. Spotyka grupę hippisów, która postanawia pokazać mu uroki beztroskiego życia.
9%
155 Iluzjonista Wiedeń u progu XX w. Syn rzemieślnika, iluzjonista Eisenheim, wykorzystuje niezwykłe umiejętności, by zdobyć miłość arystokratki, narzeczonej austro-węgierskiego księcia.
9%
58 Infiltracja Tajny policjant w szeregach grupy przestępczej i informator mafii w bostońskiej jednostce dochodzeniowej toczą ze sobą śmiertelną rozgrywkę.
9%
423 Kanał Ostatnie chwile Powstania Warszawskiego, oddział żołnierzy AK próbuje przejść przez kanały do broniącego się jeszcze Śródmieścia.
9%
141 Katedra Wędrowiec, który trafia do ogromnej katedry, próbuje zgłębić jej tajemnice.
9%
326 Krótki film o miłości Dziewiętnastoletni Tomek zakochuje się w starszej od siebie sąsiadce.
9%
144 Lektor Berlin, 1958 rok. 15-letni Michael zakochuje się w dużo starszej od siebie Hannie. Po latach oboje będą musieli zmierzyć się z jej przeszłością.
9%
145 Mandarynki Jesień 1992 roku, Abchazja walczy o odłączenie się od Gruzji. Dwaj plantatorzy mandarynek znajdują rannych żołnierzy walczących po przeciwnych stronach.
9%
330 Misery Ekranizacja powieści Stephena Kinga. Kiedy autor popularnej serii książek ulega wypadkowi, pomocy udziela mu była pielęgniarka, która okazuje się być jego fanką.
9%
85 Najlepszy Historia życia Jerzego Górskiego, który mimo wielu przeciwności został mistrzem świata w podwójnym triatlonie.
9%
211 Na noże Detektyw Blanc bada sprawę śmierci bogatego pisarza, głowy ekscentrycznej rodziny. Wszyscy jego krewni są podejrzani.
9%
95 Obcy - 8. pasażer "Nostromo" Załoga statku kosmicznego Nostromo odbiera tajemniczy sygnał i ląduje na niewielkiej planetoidzie, gdzie jeden z jej członków zostaje zaatakowany przez obcą formę życia.
9%
395 Ostatni Mohikanin Rok 1757, w amerykańskich koloniach trwa wojna angielsko-francuska. Wychowany przez Mohikanów Nathaniel, nazywany Sokolim Okiem, spotyka córkę brytyjskiego dowódcy, Corę.
9%
293 Pan życia i śmierci Jurij Orłow, będąc świadkiem morderstwa, zostaje handlarzem bronią. Prowadząc swoją działalność, nieustannie ucieka przed agentem Interpolu, Jackiem Valentinem.
9%
492 Pocahontas Opowieść o miłości młodej Indianki i angielskiego żołnierza, który przybył do Nowego Świata z wyprawą kolonizatorów.
9%
219 Pociąg Jerzy i Marta podróżują tym samym pociągiem, gdzie wskutek braku wolnych miejsc trafiają do jednego przedziału. Oboje pragną samotności, ale udaje im się znaleźć wspólny język.
9%
407 Poszukiwany, poszukiwana Pracownik muzeum, oskarżony o kradzież obrazu, ukrywa się w przebraniu gosposi.
9%
430 Powrót do przyszłości W 1985 roku dr Emmett Brown buduje wehikuł czasu. Jego przyjaciel Marty McFly przenosi się w lata 50. i niechcący przeszkadza w poznaniu się swoim rodzicom.
9%
213 Przypadek Witek spieszy się na pociąg do Warszawy, od którego zależą jego dalsze losy.
9%
93 Requiem dla snu Historia czwórki bohaterów, dla których używki są ucieczką przed otaczającą ich rzeczywistością.
9%
233 Rzeka tajemnic Adaptacja powieści Dennisa Lehane'a. Życie trzech przyjaciół zmienia się, gdy jeden z nich wsiada do niewłaściwego samochodu. Po 25 latach ich drogi znowu się krzyżują.
9%
236 Rzymskie wakacje Księżniczka Anna spędza incognito dzień w Rzymie. Towarzyszy jej dziennikarz, który zna jej prawdziwe nazwisko.
9%
66 Siedem dusz Mężczyzna przedstawiający się jako urzędnik podatkowy pojawia się w domach siedmiu śmiertelnie chorych dłużników, by sprawdzić jakimi są ludźmi. Ma dla nich niezwykły dar.
9%
485 Siedmiu wspaniałych Spokojna, rolnicza wioska jest terroryzowana przez bandę opryszków. Mieszkańcy postanawiają wynająć siedmiu rewolwerowców, którzy mają rozprawić się z agresorami.
9%
164 Święci z Bostonu Pracujący w jednej z bostońskich rzeźni bracia McManus wypowiadają bezkompromisową wojnę przestępczości. Ich działania zwracają uwagę specjalnego agenta FBI oraz członków lokalnej mafii.
9%
376 Teoria wszystkiego Film opowiada historię genialnego naukowca Stephena Hawkinga - rozwoju jego choroby, rodzącego się uczucia do Jane, a w końcu rozpadu ich małżeństwa.
9%
254 Terminator 2: Dzień sądu Terminator T-800 ma za zadanie uchronić od śmierci Johna Connora, który w przyszłości poprowadzi ludzi do walki przeciwko maszynom.
9%
200 Thor: Ragnarok Thor mierzy się w walce bogów, podczas gdy Asgard jest zagrożony Ragnarokiem, nordycką apokalipsą.
9%
136 Trainspotting Narkoman Mark Renton postanawia zerwać z nałogiem. Jednak jego kumple tak łatwo na to nie pozwolą.
9%
179 Twój Vincent Bohaterowie obrazów Vincenta van Gogha przedstawiają historię życia oraz tajemniczej śmierci artysty.
9%
55 W pogoni za szczęściem Chris, samotny ojciec pozbawiony domu, stara się mimo przeciwności losu o posadę w biurze maklerskim.
9%
153 Zaginiona dziewczyna W dniu piątej rocznicy ślubu Nick Dunne zgłasza policji, że jego żona zaginęła. Wraz upływem czasu i postępami śledztwa coraz więcej poszlak zaczyna go obciążać.
9%
361 12 małp Więzień zostaje wysłany w przeszłość, aby zapobiec wybuchowi epidemii, która prawie zniszczyła ludzkość.
6%
237 9 kompania Młodzi radzieccy żołnierze wyruszają na misję do Afganistanu. Ataki tamtejszych partyzantów mocno przerzedzają ich szeregi.
6%
238 Aż poleje się krew Podczas odwiertów prowadzonych nieopodal małego kalifornijskiego miasteczka cyniczny nafciarz, Daniel Plainview, natrafia na ogromne źródło ropy. Wkrótce wchodzi w konflikt z kaznodzieją rządzącym lokalną społecznością.
6%
384 Blade Runner 2049 Policjant odkrywa spisek, który może zniszczyć ludzkość.
6%
497 Bracia Gdy żołnierz walczący w Afganistanie zostaje uznany za zmarłego, jego młodszy brat pociesza szwagierkę i zbliża się do niej. Niedługo później wojskowy nieoczekiwanie powraca.
6%
461 Byliśmy żołnierzami Podczas wojny w Wietnamie amerykański oddział pułkownika Hala Moore'a zostaje otoczony przez siły wroga.
6%
409 Charlie Zamknięty w sobie Charlie zaczyna naukę w liceum. Zaprzyjaźnia się z uczniami ostatniej klasy.
6%
208 Chinatown Prywatny detektyw rozwiązuje wyjątkowo skomplikowaną sprawę rodziny Mulwrayów.
6%
283 Choć goni nas czas Historia dwóch umierających mężczyzn, którzy pod wpływem szalonych przygód zostają przyjaciółmi.
6%
469 Coś Grupa amerykańskich badaczy odnajduje na Antarktyce istotę pozaziemską i przekonuje się, że obcy organizm nie ma pokojowych zamiarów.
6%
490 Czekolada Matka i córka przyjeżdżają do małego miasteczka, gdzie otwierają sklep, w ofercie którego znaleźć można czekoladę pod każdą niemal postacią. Przedsięwzięcie spotyka się z dezaprobatą burmistrza.
6%
221 Deszczowa piosenka Gwiazdy kina niemego stają przed wyzwaniem, jakie stawia im film dźwiękowy.
6%
56 Diuna: Część druga Książę Paul Atryda przyjmuje przydomek Muad'Dib i rozpoczyna duchowo-fizyczną podróż, by stać się przepowiedzianym w proroctwie wyzwolicielem ludu.
6%
282 Dyktator Dyktator Adenoid Hynkel chce powiększyć swoje imperium, podczas gdy żydowski fryzjer próbuje uniknąć prześladowania związanego z nazistowskim reżimem.
6%
119 Grobowiec świetlików Młody chłopak i jego kilkuletnia siostra walczą o przetrwanie podczas II wojny światowej w Japonii.
6%
78 Gwiezdne wojny: Część IV - Nowa nadzieja Obi-Wan opowiada młodemu Luke'owi, że jego ojcem był potężny rycerz Jedi, który walczył w wojnach klonów.
6%
362 Harry Potter i Insygnia Śmierci: Część I Harry, Ron i Hermiona wyruszają odnaleźć horkruksy, dzięki którym Voldemort zapewnił sobie nieśmiertelność. Muszą je wszystkie zniszczyć, by go pokonać.
6%
159 Harry Potter i Insygnia Śmierci: Część II Młody czarodziej musi zniszczyć wszystkie horkruksy, aby ostatecznie pokonać Voldemorta.
6%
424 Herkules Narodzinom Herkulesa, syna Zeusa i Hery, towarzyszy radość rodziców, oraz zazdrość stryja, Hadesa. Podstępny bóg Podziemi dołoży wszelkich starań, by pozbyć się bratanka.
6%
296 Jabłka Adama Neonazista Adam, w ramach resocjalizacji, trafia do wiejskiej parafii nieco dziwacznego pastora Ivana.
6%
215 Jak wytresować smoka 2 Pięć lat po zjednoczeniu rasy smoków oraz ludzi Czkawka i Szczerbatek stają do obrony wyspy Berk przed niebezpiecznymi dzikimi bestiami, a także tajemniczym Smoczym Jeźdźcem.
6%
260 Jeniec: Tak daleko jak nogi poniosą Niemiecki żołnierz zostaje zesłany na Syberię. Nie chcąc przebywać w łagrach i tęskniąc za rodziną, ucieka pieszo, ścigany przez wroga
6%
432 Kolor purpury Historia życia czarnoskórej kobiety, która w młodości była wielokrotnie gwałcona przez ojca, a potem maltretowana przez męża.
6%
370 Krwawy diament Przemytnik z RPA i rybak z ludu Mende wyruszają na poszukiwanie różowego diamentu, który mógłby zmienić ich życie. Tłem akcji jest wojna domowa w Sierra Leone w latach 90. XX wieku.
6%
96 Księżniczka Mononoke Książę małej wioski zostaje przeklęty przez demona. Wyrusza w podróż, by poprosić legendarnego boga zwierząt o zdjęcie uroku.
6%
127 Le Mans '66 Na zlecenie Henry'ego Forda II amerykański projektant Carroll Shelby i brytyjski kierowca Ken Miles podejmują wyzwanie pokonania samochodów ekipy Ferrari w 24-godzinnym wyścigu Le Mans.
6%
342 Memento Leonard, szukający mordercy swojej żony, w wyniku wypadku traci pamięć krótkotrwałą. Nieustannie robi więc notatki i zdjęcia, a ważniejsze fakty tatuuje sobie na ciele.
6%
474 Miasto aniołów Anioł Seth zakochuje się w Maggie, która właśnie straciła pacjenta na stole operacyjnym.
6%
335 Niebezpieczne związki Markiza proponuje swojemu byłemu kochankowi zakład. Spędzi z nim upojną noc, jeśli dostarczy on dowód zdrady pewnej bogobojnej mężatki.
6%
301 Obywatel Kane Po śmierci magnata prasowego i milionera, Charlesa Fostera Kane'a, reporterzy próbują odkryć znaczenie jego ostatnich słów.
6%
388 Odlot 70-letni Carl po śmierci żony zamienia swój dom w statek powietrzny i odlatuje do Ameryki Południowej, by spełnić swoje marzenie. Przez przypadek zabiera ze sobą ośmioletniego skauta.
6%
203 Okno na podwórze Uwięziony na wózku inwalidzkim fotograf obserwuje przez okno sąsiadów. Jednego z nich podejrzewa o zabójstwo żony.
6%
322 Okręt Losy załogi jednego z U-Bootów, niemieckich okrętów podwodnych okresu II wojny światowej, w obliczu niebezpiecznej misji.
6%
500 Ona Samotny pisarz zapoznaje się z nowo zakupionym systemem operacyjnym, który ma zaspokoić wszystkie jego potrzeby.
6%
412 Patriota Martin wstępuje do armii, gdy jego syn ginie z rąk Anglika. Wkrótce ważniejsza od zemsty staje się dla niego walka o niepodległość.
6%
175 Prawo Bronxu Dziesięcioletni syn kierowcy autobusu pragnie wkroczyć w mafijne kręgi, co nie podoba się ojcu.
6%
62 Przebudzenia Oparta na prawdziwych wydarzeniach opowieść o lekarzu, który za pomocą eksperymentalnego leku przywracał do świadomości pogrążonych w śpiączce pacjentów.
6%
455 Rejs Na statku wiślanym pojawia się gapowicz wzięty za instruktora kulturalno-oświatowego. Mężczyzna organizuje zebrania, wybory rady rejsu i zabawia uczestników wycieczki.
6%
329 Sędzia Chicagowski adwokat Hank Palmer wraca do rodzinnego miasteczka w Indianie na pogrzeb matki. Niebawem skłócony z nim ojciec, szanowany lokalny sędzia, zostaje oskarżony o morderstwo.
6%
280 Sherlock Holmes: Gra cieni Druga odsłona przygód genialnego detektywa Sherlocka Holmesa i jego przyjaciela dra Johna Watsona. Tym razem bohaterowie są na tropie profesora Jamesa Moriarty'ego.
6%
477 Skazany na bluesa Historia życia Ryszarda Riedla, jednego z najwybitniejszych polskich muzyków, który szukał wolności poprzez swoje utwory.
6%
77 Spider-Man Uniwersum Miles Morales po ukąszeniu przez radioaktywnego pająka staje do walki z nikczemnym Kingpinem. Pomogą mu w tym Spider-Manowie z innych wymiarów.
6%
443 Tato Psychicznie chora żona operatora filmowego zamienia jego życie w piekło. Gdy sąd przyznaje jej prawo do opieki nad kilkuletnią córką, mężczyzna postanawia walczyć o swoje dziecko.
6%
351 Thelma i Louise Dwie przyjaciółki udają się na weekend w góry. Nieszczęśliwy wypadek sprawia, że podejmują ucieczkę przed ścigającym je detektywem.
6%
458 Trzy kolory: Biały Karol Karol, Polak mieszkający we Francji, rozwodzi się z żoną, traci salon fryzjerski i ląduje na bruku. Z pomocą przypadkowo poznanego Mikołaja wraca do kraju.
6%
365 Trzy kolory: Czerwony Młoda modelka poznaje emerytowanego sędziego, który podsłuchuje swoich sąsiadów.
6%
364 Trzy kolory: Niebieski Młoda wdowa po tragicznej śmierci męża i córki postanawia zerwać z przeszłością oraz żyć w odosobnieniu.
6%
496 Ucieczka z Alcatraz Grupa więźniów osadzonych w rygorystycznym więzieniu Alcatraz postanawia z niego uciec.
6%
229 Ultimatum Bourne'a Jason Bourne wpada na trop tajnego programu CIA "Blackbriar", który ma związek z mroczną przeszłością agenta.
6%
318 Upadek Niechcący przegapić przyjęcia urodzinowego swojej córki mężczyzna tkwi w ulicznym korku. Kiedy puszczają mu nerwy, kontynuuje wędrówkę pieszo, wyładowując swoją złość na innych ludziach.
6%
396 Urodzeni mordercy Historia dwojga młodych kochanków-morderców. Uwielbiani przez media stają się legendarnymi bohaterami.
6%
106 Uśpieni Molestowani w poprawczaku chłopcy postanawiają po latach zemścić się na swych oprawcach.
6%
467 Vincent Siedmioletni Vincent Malloy śni o tym, by być jak Vincent Price. Snując makabryczne marzenia, całkowicie zatraca siebie.
6%
429 Wejście smoka Agent Lee decyduje się wziąć udział w turnieju sztuk walki, by znaleźć dowody nielegalnej działalności organizatora imprezy.
6%
151 Witaj w klubie Rok 1985, Dallas. Elektryk oraz kanciarz, Ron Woodroof, pracuje nad systemem pomocy w zdobywaniu leków osobom chorym na AIDS.
6%
104 Wszystko za życie Christopher kończy studia, ale zamiast poświęcić się karierze zawodowej, wyrusza autostopem w kierunku Alaski.
6%
150 Wyścig Lata 70. XX wieku. Dwaj kierowcy Formuły 1, Brytyjczyk James Hunt i Austriak Niki Lauda, toczą skrajnie niebezpieczną rywalizację o tytuł mistrza świata.
6%
216 Wywiad z wampirem Historia wdowca, który by przestać cierpieć, zostaje przemieniony w wampira. Jego charakter nie pozwala mu zabijać ludzi z zimną krwią, ale nie jest na tyle silny, by wybrać samobójstwo.
6%
399 Zabójcza broń Dwóch detektywów, szalony Martin Riggs i doświadczony Roger Murtaugh, zostaje partnerami. W pierwszej wspólnej sprawie badają okoliczności tajemniczego samobójstwa młodej kobiety.
6%
416 Zakochany kundel Po wyjeździe swoich właścicieli piękna suczka rasy cocker spaniel, Lady, wyrusza w świat razem z bezpańskim kundlem, Trampem.
6%
209 2001: Odyseja kosmiczna Film dzieli się na trzy epizody, których akcja ma miejsce w różnych okresach historycznych i zakątkach wszechświata.
3%
154 American Gangster Czarnoskóry gangster Frank Lucas buduje w Nowym Jorku ogromne narkotykowe imperium. Na jego trop wpada nieprzekupny detektyw Richie Roberts.
3%
294 Amores perros Przejmująca wielowątkowa opowieść o mieszkańcach Mexico City, którzy próbują zmienić swoje życie.
3%
481 Anastazja Ania, uzyskawszy pełnoletność, opuszcza sierociniec, nie pamiętając swojej przeszłości. Po przybyciu do Petersburga spotyka Dymitra, który dostrzega w niej księżniczkę Anastazję, najmłodszą córkę cara Mikołaja II.
3%
352 A teraz coś z zupełnie innej beczki Grupa Monty Pythona prezentuje najlepsze skecze ze swojego serialu.
3%
287 Baraka Dokument zabiera widza w podróż przez świat, ukazując zarówno piękno planety, jak i kondycję człowieka.
3%
148 Blow Skromny syn robotnika staje się narkotykowym baronem. Pieniądze, władza, kobiety cieszą go jednak do czasu.
3%
393 Blues Brothers Po wyjściu z więzienia Jake Blues organizuje powrót swojego starego zespołu muzycznego, by zebrać pieniądze na uratowanie sierocińca, w którym wychował się ze swoim bratem, Elwoodem.
3%
226 Bogowie ulicy Taylor i Zavala, dwóch młodych policjantów, patroluje niespokojne ulice południowego Los Angeles. Podczas rutynowego patrolu wpadają na trop makabrycznej zbrodni. Stojący za nią gang narkotykowy wydaje na nich wyrok.
3%
337 Bulwar Zachodzącego Słońca Bankrut chowa się przed swoim wierzycielem w rezydencji dawnej gwiazdy kina niemego. Na prośbę chcącej odzyskać sławę kobiety pomaga jej ukończyć scenariusz filmowy.
3%
426 Casino Royale Po otrzymaniu statusu agenta 00 James Bond dostaje pierwsze ważne zadanie, w którym pomóc ma mu piękna Vesper Lynd. Jego przeciwnikiem jest bankier terrorystów Le Chiffre.
3%
262 Chce się żyć Chory na mózgowe porażenie Mateusz podejmuje trudną walkę o godność i prawo do normalnego życia.
3%
434 Cienka czerwona linia Ekranizacja powieści Jamesa Jonesa. Rok 1942. Oddział amerykańskiej armii ląduje na okupowanej przez Japończyków wyspie Guadalcanal. Ich zadanie okazuje się misją samobójczą.
3%
378 Co w duszy gra Joe Gardner prowadzi zespół muzyczny w gimnazjum. Jego prawdziwą pasją jest jednak jazz. Joe przeżywa kryzys - zaczyna zadawać sobie pytania: "Po co tu jestem? Jaki jest cel mojego życia?".
3%
248 Cudowny chłopak Auggie od urodzenia ma zdeformowaną twarz. W nowej szkole chłopiec chce udowodnić rówieśnikom, że piękno to więcej niż wygląd.
3%
279 Czarny kot, biały kot Rodzina drobnego kryminalisty ma problemy finansowe. Postanawia więc zwrócić się o pomoc do lokalnego gangstera, który chce wyswatać swoją siostrę z nastoletnim synem złodziejaszka.
3%
311 Człowiek ringu Historia legendarnego boksera z czasów Wielkiego Kryzysu, Jima Braddocka, który po latach wraca na ring.
3%
397 Deadpool 2 Oszpecony przez eksperymenty Deadpool nadal walczy ze złem na swój niepowtarzalny sposób.
3%
269 Dobrze się kłamie w miłym towarzystwie Grupa przyjaciół podczas wspólnej kolacji postanawia w ramach niewinnej zabawy upublicznić wszystkie swoje e-maile, rozmowy i wzajemnie skrywane tajemnice.
3%
222 Doskonały świat Uciekający z więzienia Butch porywa 7-letniego Phillipa. Rodzi się między nimi przyjaźń.
3%
277 Do utraty sił Pomimo przeciwności losu bokser stara się powrócić na szczyt i odzyskać dobre imię.
3%
341 Duża ryba Schorowany Edward Bloom słynął z nieprawdopodobnych opowieści. Jego syn próbuje dociec, ile w nich było prawdy.
3%
387 Dzień próby Młody policjant trafia pod skrzydła doświadczonego detektywa z wydziału narkotykowego.
3%
462 Erin Brockovich Prawdziwa historia Erin Brockowich, samotnej matki, która walczy o odszkodowanie dla ofiar zanieczyszczeń wody w małym miasteczku.
3%
328 Fighter Znajdujący się w beznadziejnej sytuacji rodzinnej Micky Ward, były bokser, za sprawą swojej dziewczyny postanawia stanąć do walki o mistrzowski tytuł.
3%
353 Fortepian Ada McGrath przeprowadza się wraz z córką do Nowej Zelandii, gdzie mąż sprzedaje jej fortepian. Kobieta chce go odzyskać.
3%
160 Gadające głowy Polacy biorą udział w społecznej sondzie, odpowiadając na pytania dotyczące ich metryki, marzeń i priorytetów.
3%
258 Gwiezdne wojny: Część III - Zemsta Sithów Dwóch rycerzy Jedi - Obi-Wan Kenobi i Anakin Skywalker - wyrusza na pomoc porwanemu kanclerzowi Palpatine'owi.
3%
360 Hotel Ruanda W 1994 roku dyrektor hotelu udziela schronienia uchodźcom podczas krwawych walk plemiennych o dominację w Ruandzie.
3%
225 Imperium Słońca Szanghaj, II wojna światowa. Podczas okupacji miasta przez Japończyków 12-letni Jim, syn brytyjskich arystokratów, zostaje rozdzielony z rodziną i trafia do obozu dla internowanych.
3%
212 Ip Man Ip Man trenuje sztukę walki w miasteczku Fuoshan. Spokojne życie mistrza zostaje zakłócone przez wojnę domową oraz japońską okupację.
3%
271 Jutro będziemy szczęśliwi Prowadzący beztroskie życie mężczyzna musi niespodziewanie zaopiekować się córką, o istnieniu której nie wiedział.
3%
167 Kafarnaum W zaniedbanej części Bejrutu dwunastoletni Zain pozywa rodziców za to, że się urodził.
3%
82 Klaus Początkujący listonosz zostaje wysłany na niewielką wyspę za kołem podbiegunowym. Jej mieszkańcy są ze sobą skłóceni, a - co gorsza - nikt nie wysyła tam listów.
3%
374 Krucjata Bourne'a Ktoś podszywa się pod Bourne'a i morduje agentów CIA w Berlinie. Po nieudanym zamachu na swoje życie były agent ponownie stawia czoła mrocznej przeszłości.
3%
440 Las Vegas Parano Jest rok 1971, Raoul Duke oraz dr Gonzo wyruszają do Las Vegas. Po drodze nie stronią od alkoholu i narkotyków, przeżywając amerykański sen na jawie.
3%
116 Lęk pierwotny Martin zostaje adwokatem młodego Aarona oskarżonego o morderstwo arcybiskupa.
3%
308 Logan: Wolverine Logan opiekuje się chorym Charlesem Xavierem, nie stroniąc od alkoholu. Jego wegetację przerywa prośba nieznajomej o przewiezienie małej Laury za kanadyjską granicę.
3%
389 Lokator Imigrant wprowadza się do mieszkania, w którym poprzednia lokatorka popełniła samobójstwo. Z czasem zaczyna nabierać przeświadczenia, że sąsiedzi spiskują przeciwko niemu.
3%
346 Mama Owdowiała kobieta wychowująca samotnie agresywnego syna dostrzega promyk nadziei, kiedy w jej życiu pojawia się tajemnicza sąsiadka.
3%
332 Manchester by the Sea Wujek zostaje zmuszony do opieki nad nastoletnim bratankiem po śmierci jego ojca.
3%
218 Mary i Max Ośmioletnia Mary zaprzyjaźnia się z mieszkającym na drugiej półkuli czterdziestoletnim Maxem.
3%
317 Marzyciel Historia przyjaźni pisarza Jamesa Barriego z wdową i jej czterema synami, którzy zainspirowali go do napisania "Piotrusia Pana".
3%
357 Mechanik Trevor Reznik cierpi na bezsenność. Wycieńczony psychicznie i fizycznie nie jest w stanie odróżnić urojeń od rzeczywistości.
3%
68 Miasto Boga Oparta na faktach historia dwóch chłopców ze slumsów Rio de Janeiro. Jeden z nich dołączył do gangu, drugi wybrał sztukę i został fotografem.
3%
420 Millennium: Mężczyźni, którzy nienawidzą kobiet Doświadczony dziennikarz śledczy i młoda hakerka starają się rozwikłać zagadkę zaginięcia 16-letniej dziewczyny, do którego doszło czterdzieści lat wcześniej.
3%
386 Mulholland Drive Rita traci pamięć wskutek wypadku samochodowego. Odkrywa, że jej torba jest pełna pieniędzy i postanawia dowiedzieć się, skąd one pochodzą.
3%
253 Nienawiść W trakcie przesłuchania policja okrutnie obchodzi się z zatrzymanym arabskiego pochodzenia, skutkiem czego na ulicach Paryża dochodzi do walk pomiędzy młodzieżą ze środowisk imigranckich a stróżami prawa.
3%
270 Noc na Ziemi Pięć niezwiązanych ze sobą nowel ukazujących losy pięciu taksówkarzy w pięciu różnych miejscach na Ziemi.
3%
275 Obcy - decydujące starcie Po 57 latach hibernacji Ellen Ripley zostaje odnaleziona. Zgadza się wziąć udział w misji mającej na celu likwidację obcych istot zagrażających kolonizatorom.
3%
273 Oldboy Uwolniony po 15 latach Dae-su ma pięć dni, by odkryć kto go uwięził i dokonać brutalnej zemsty.
3%
173 Oszukana Los Angeles, 1928 rok. Christine wychodzi do pracy, zostawiając kilkuletniego syna w domu. Gdy wraca, dziecka nie ma.
3%
180 Pewnego razu na Dzikim Zachodzie Mężczyzna zwany Harmonijką pomaga wdowie Jill w pokonaniu groźnego przestępcy, Franka.
3%
465 Plac Zbawiciela Oparta na faktach opowieść o dramatycznych losach małżeństwa z dwójką dzieci, które znalazło się w finansowych tarapatach.
3%
313 Podaj dalej Chłopiec, który w ramach zadania domowego musiał pomóc trzem osobom, uruchamia łańcuszek szczęścia. Niespodziewanie plan wymyka się spod kontroli.
3%
122 Pogorzelisko Zgodnie z ostatnią wolą matki bliźnięta Simon i Jeanne wyruszają na poszukiwanie swojego ojca i brata, by dostarczyć im zapieczętowane listy.
3%
120 Prawo zemsty Kiedy żona i córka Clyde'a Sheltona zostają brutalnie zamordowane, a ich zabójca unika kary, bohater przygotowuje plan zemsty nie tylko na oprawcach, ale i wymiarze sprawiedliwości.
3%
460 Prosta historia Staruszek Alvin Straight podróżuje z Iowa do Wisconsin na małym traktorze, by u celu podróży pojednać się z chorym bratem.
3%
69 Przekręt Historia złożona z kilku gangsterskich opowieści, które splatają się wokół kradzieży drogocennego diamentu.
3%
405 Przełamując fale Sparaliżowany Jan zwalnia swoją żonę Bess z przysięgi wierności i chce, by ta kochała się z innymi mężczyznami. Kobieta spełnia jego prośbę.
3%
305 Rękopis znaleziony w Saragossie Młody oficer wyrusza do Madrytu, by objąć stanowisko kapitana w gwardii walońskiej. Wybór najkrótszej, podobno nawiedzonej drogi skutkuje serią dziwnych wydarzeń.
3%
99 Ruchomy zamek Hauru Sophie, zmieniona przez czarownicę w staruszkę, trafia do dziwnego zamku należącego do czarodzieja Hauru. Spotkany w nim demon składa jej pewną propozycję.
3%
166 Samsara Drugi film reżysera "Baraki" to dokumentalna podróż przez najpiękniejsze zakątki 25 krajów na całym świecie z muzyką Lisy Gerrard i Dead Can Dance.
3%
128 Ściana Gwiazda rocka, Pink, nie potrafi zaakceptować otaczającego go świata. Kiedy trafia do jednego z hoteli w Los Angeles, zaczyna rozmyślać nad swoim życiem.
3%
498 Sin City - Miasto grzechu Trzy historie, których akcja rozgrywa się w Basin City - Mieście Grzechu - będącym siedliskiem prostytutek, przestępców i skorumpowanych obrońców prawa.
3%
348 Siódma pieczęć Metaforyczna opowieść o rycerzu powracającym z wyprawy krzyżowej. Staje on w szachowym pojedynku ze Śmiercią, w którym stawką jest jego życie.
3%
291 Sól ziemi Sebastiao Salgado przez 40 lat podróżował po świecie dokumentując ludzkość w okresie dramatycznych zmian.
3%
401 Strażnicy Galaktyki vol. 2 Kosmiczna drużyna pod wodzą Star-Lorda kontynuuje swoją podróż po galaktyce, aby odkryć tajemnice rodzinne i bronić wszechświata.
3%
349 Strażnicy Galaktyki: Volume 3 Wciąż wstrząśnięty utratą Gamory, Peter Quill zbiera swój zespół by obronić wszechświata – misja, która może oznaczać koniec Strażników, jeśli się nie powiedzie
3%
468 Szkoła uczuć Popularny w szkole Landon zaczyna spotykać się z nieśmiałą córką pastora.
3%
325 Tamte dni, tamte noce Nastoletni chłopak zakochuje się w gościu, który przyjechał na wakacje do jego rodziców.
3%
459 Upiór w operze Oszpecony geniusz muzyki zamieszkujący podziemia paryskiej opery zakochuje się w młodej śpiewaczce.
3%
272 WALL·E Daleka przyszłość. Ziemię opuszczoną przez ludzi próbuje uprzątnąć uroczy robot. Pewnego dnia na planetę przybywa przepiękna, nowoczesna maszyna, która szuka oznak życia.
3%
299 Wichry namiętności Samuel, najmłodszy syn pułkownika William Ludlowa, wraca ze studiów wraz z piękną narzeczoną, która oczarowuje pozostałych braci. Wkrótce wybucha I wojna światowa.
3%
217 Wielki Mike. The Blind Side Bezdomny nastolatek zostaje otoczony opieką przez bogatą rodzinę. Dzięki niej wyrasta na gwiazdę amerykańskiego futbolu.
3%
441 Zabić drozda Stan Alabama, lata trzydzieste XX. wieku. Adwokat Atticus Finch zostaje obrońcą czarnego mężczyzny oskarżonego o gwałt na białej kobiecie.
3%
125 Za kilka dolarów więcej Dwóch rewolwerowców poluje na tego samego bandytę, za którego głowę wyznaczono wysoką nagrodę.
3%
495 Zanim się pojawiłeś Dziewczynę z małego miasteczka zaczyna łączyć więź ze sparaliżowanym mężczyzną, którym się opiekuje.
3%
339 Zimna wojna Utalentowany kompozytor zakochuje się w młodej członkini zespołu ludowego. Wielkie uczucie utrudniają jednak realia powojennego bloku komunistycznego.
3%
450 Zło Erik trafia do elitarnego internatu. W nowym miejscu postanawia przeciwstawić się systemowi.
3%
448 12 prac Asteriksa Juliusz Cezar zadaje Galom 12 prac podobnych do tych, które kiedyś były zadaniami Herkulesa. Od ich wykonania zależy rezultat wojny z rzymską potęgą.
0%
425 1900: Człowiek legenda W 1900 roku na pokładzie transatlantyku zostaje znalezione niemowlę. Chłopczyk okazuje się muzycznym geniuszem, który nie opuszcza statku.
0%
321 21 gramów Tragiczny wypadek sprawia, że losy trzech rodzin, nie mających pozornie ze sobą nic wspólnego, łączą się.
0%
392 August Rush Historia muzycznie utalentowanego wychowanka domu dziecka, który wyrusza na poszukiwanie swoich rodziców.
0%
371 Bez mojej zgody Sara i Brian podejmują decyzję o leczeniu poważnie chorej córki. Relacje rodzinne ulegają znacznemu pogorszeniu, gdy młodsza z sióstr odkrywa tajemnicę związaną z jej narodzinami.
0%
302 Billy Elliot Pochodzący z górniczej rodziny jedenastoletni Billy, na przekór ojcu, który wróży mu karierę bokserską, pragnie zostać tancerzem Królewskiej Akademii Tańca.
0%
494 Captain Fantastic Ojciec sześciorga dzieci wychowuje swoje pociechy z dala od cywilizacyjnego świata. Przychodzi jednak dzień, w którym wszyscy muszą wrócić do realnego otoczenia.
0%
80 Contratiempo. Niewidzialny gość Po przebudzeniu się w pokoju hotelowym obok martwej kochanki młody biznesmen zatrudnia wybitną adwokat, aby ustalić, do czego tak naprawdę doszło.
0%
475 Control Historia życia wokalisty zespołu Joy Division - Iana Curtisa, który popełnił samobójstwo w wieku 23 lat.
0%
486 Co się wydarzyło w Madison County Fotograf przybywa do hrabstwa Madison, by zrobić zdjęcia krytych mostów. Poznaje gospodynię domową, której rodzina wyjechała na festyn i nawiązuje z nią romans.
0%
224 Cud w celi nr 7 Niepełnosprawny intelektualnie mężczyzna, któremu odebrano córkę, trafia do więzienia i musi udowodnić, że został niesłusznie oskarżony o zabicie dziecka dowódcy.
0%
356 Cyrk motyli Pan Mendez podróżuje po Ameryce wraz ze swoim "Cyrkiem motyli". Za namową małego chłopca udaje się na pokaz konkurencyjnej trupy, gdzie jego uwagę zwraca Will, młody mężczyzna pozbawiony kończyn.
0%
324 Czas na miłość Kończąc 21 lat Tim Lake odkrywa, że może podróżować w czasie. Postanawia więc uczynić świat lepszym, znajdując sobie dziewczynę.
0%
110 Człowiek w ogniu Amerykanin po przejściach podejmuje się w Meksyku ochrony kilkuletniej córki bogatego biznesmena.
0%
162 David Attenborough: Życie na naszej planecie Legendarny narrator wspomina swoje życie i opowiada o ewolucji życia na Ziemi, ubolewając nad zanikiem dzikiej przyrody i dzieląc się swoją wizją przyszłości.
0%
334 Dogville Uciekając przed gangsterami, Grace ukrywa się w małym miasteczku. Wkrótce jego mieszkańcy zaczynają nadużywać władzy, jaką mają nad bohaterką.
0%
223 Doktor Strangelove, lub jak przestałem się martwić i pokochałem bombę Szalony generał samowolnie wydaje rozkaz ataku nuklearnego na ZSRR. Radziecki odwet zdaje się być nieunikniony.
0%
437 Dżentelmeni Handlarz marihuany postanawia sprzedać narkotykowe imperium i przejść na emeryturę. Pożegnanie z półświatkiem nie będzie jednak tak łatwe, jak mogło mu się wydawać.
0%
367 Dzikie historie Niedocenianemu muzykowi, biznesmenowi, pannie młodej, znanemu milionerowi, kelnerce oraz specjaliście od materiałów wybuchowych puszczają nerwy.
0%
265 Dziki robot Roz, robot, rozbija się na dzikiej wyspie. Uczy się przetrwać, nawiązuje relacje ze zwierzętami i adaptuje się do surowego środowiska.
0%
499 Fantastyczny Pan Lis Farmerzy z małego miasteczka postanawiają pozbyć się wykradającego im zbiory lisa i jego rodziny.
0%
206 Ghost in the Shell Para agentów poszukuje niebezpiecznego hakera znanego jako Władca Marionetek.
0%
404 Hooligans Matt Buckner po wyrzuceniu ze studiów przyjeżdża do siostry mieszkającej w Londynie. Tam wchodzi w środowisko kibiców lokalnych klubów piłkarskich.
0%
385 Idź i patrz Szesnastoletni Flora wbrew woli matki zostaje partyzantem. Atak Niemców na obóz powstańców zmusza go do ucieczki.
0%
431 Indiana Jones i Świątynia Zagłady Nieustraszony łowca przygód wyrusza na poszukiwanie świętego kamienia i mierzy się z członkami niebezpiecznej sekty.
0%
472 Jeden dzień Emma i Dexter postanawiają spotykać się co roku tego samego dnia. Kontynuują swoją przyjaźń przez 20 lat.
0%
478 Johnny Oparta na prawdziwej historii opowieść o miłości do świata i drugiego człowieka oraz o tym, że każdy zasługuje na drugą szansę. Gdy Patryk dostaje ją od ks. Jana Kaczkowskiego, nie podejrzewa nawet, jak odmieni to jego życie.
0%
98 Koneser Po śmierci rodziców Claire Ibbetson dziedziczy kolekcję dzieł sztuki o nieoszacowanej wartości. Dziewczyna zleca wycenę spadku panu Oldmanowi, szanowanemu właścicielowi domu aukcyjnego.
0%
331 Kot w butach: Ostatnie życzenie Kot w Butach wyrusza w podróż, aby odnaleźć mityczne "ostatnie życzenie", dzięki któremu odzyska swoje dziewięć żyć.
0%
479 Lepiej być nie może Ekscentryczny Melvin zakochuje się w kelnerce z problemami.
0%
390 Lion. Droga do domu Pięcioletni chłopiec gubi się na ulicach Kalkuty. 25 lat później wyrusza na poszukiwanie utraconego domu i rodziny.
0%
439 Metropolis Należący do nadrzędnej klasy myślicieli Freder odwiedza podziemia, gdzie żyją ciężko pracujący robotnicy. Zakochuje się w jednej z nich, Marii.
0%
414 Miasteczko Halloween Dyniowy Król, znudzony rutyną obchodów Halloween, postanawia porwać Świętego Mikołaja i zająć jego miejsce.
0%
303 Miasto gniewu W ciągu 36 godzin losy nieznanych sobie mieszkańców Los Angeles niespodziewanie się krzyżują.
0%
415 Między piekłem a niebem Po tragicznej śmierci dzieci Annie popełnia samobójstwo, za co trafia do Piekła. Po śmierci jej mąż budzi się w Niebie, skąd wyrusza w podróż, by ją odnaleźć.
0%
246 Mój sąsiad Totoro Dwie dziewczynki wraz z ojcem przeprowadzają się na wieś. Poznają tam magiczne stworzenia zamieszkujące pobliski las.
0%
408 Morderstwo pierwszego stopnia Wskutek zbyt długiego przebywania w więziennej izolatce Henry staje się szaleńcem i mordercą. Jego prawnik próbuje udowodnić, że częściową winę za tę sytuację ponosi Alcatraz.
0%
281 Motylek Do kolonii karnej w Gujanie Francuskiej trafia niewinny Henri. Mężczyzna postanawia uciec bez względu na cenę.
0%
377 Mustang z Dzikiej Doliny Dziki mustang zostaje schwytany przez kowbojów i sprzedany kawalerii. Ogier próbuje za wszelką cenę odzyskać wolność.
0%
249 Obdarowani Frank samotnie wychowuje swoją niezwykle uzdolnioną siostrzenicę Mary. Gdy talent dziewczynki ujawnia się, musi zawalczyć o prawa rodzicielskie z babcią dziewczynki.
0%
493 Obiecująca. Młoda. Kobieta. Po tym jak tragiczne wydarzenia przekreśliły przyszłość Cassandry, młoda kobieta szuka zemsty na tych, którzy stają jej na drodze.
0%
366 Ocean's Eleven: Ryzykowna gra Zaraz po wyjściu z więzienia Danny Ocean planuje napaść jednocześnie na trzy kasyna w Las Vegas. W tym celu kompletuje niezwykłą grupę fachowców.
0%
92 Pan od muzyki Nauczyciel muzyki podejmuje pracę w poprawczaku. Przeciwny żelaznej dyscyplinie wprowadza chłopców w świat muzyki.
0%
323 Paperman Pracownik biura poznaje na stacji kolejowej piękną dziewczynę. Gdy spotyka ją po raz kolejny, stara się zwrócić na siebie uwagę, rzucając w nią samolotami z papieru.
0%
402 Persepolis Autentyczne wspomnienia Marjane Satrapi, której dzieciństwo przypadło na okres rewolucji islamskiej w Iranie.
0%
197 Persona Aktorka traci głos podczas przedstawienia teatralnego. Okazuje się, że demonstruje ona w ten sposób bezradność wobec otaczającego ją świata.
0%
354 Plan doskonały Doświadczony przestępca Dalton napada na bank. Jego doskonale opracowany plan komplikuje się, gdy do akcji wkracza policyjny negocjator i Madeleine White działająca na zlecenie wpływowych osób.
0%
444 Planeta skarbów Kiedy w ręce półsieroty, Jima Hawkinsa, wpada mapa prowadząca do legendarnej planety skarbów, chłopak postanawia wybrać się w daleką podróż, by ją odnaleźć.
0%
241 Podejrzani Wskutek tajemniczej eksplozji na statku w Los Angeles ginie 27 osób. Policja przesłuchuje świadka zdarzenia, który twierdzi, że za wszystkim stoi nigdy niewidziany przestępca.
0%
464 Pokuta Lato 1935 roku. 13-letnia Briony Tallis podgląda scenę miłosną między jej siostrą a synem służącej. Interpretacja tego wydarzenia doprowadzi do tragedii.
0%
132 Porachunki Czterech przyjaciół postanawia ograć w karty potężnego gangstera i zgarnąć jego pieniądze.
0%
413 Pora umierać Pogodna starsza pani spełnia swoje marzenie, pozbywając się z domu ostatniego zakwaterowanego po wojnie lokatora.
0%
466 Porozmawiaj z nią Dwóch mężczyzn czuwa przy pogrążonych w śpiączce ukochanych. Zaczynają opowiadać im przeróżne historie, co staje się dla nich walką z własną samotnością i rozpaczą.
0%
442 Powrót do przyszłości II Doktor Emmett Brown wysyła Marty'ego i Jennifer do roku 2015, by zapobiegli rozpadowi swojej przyszłej rodziny.
0%
438 Prawdziwa historia Nowozelandczyk, Burt Munro, marzy o tym, by swoim motocyklem wystartować w wyścigu na słonych torach Bonneville. Za ostatnie pieniądze udaje się do USA i zamierza pobić rekord prędkości.
0%
451 Przed wschodem słońca W pociągu do Wiednia Amerykanin spotyka piękną Francuzkę. Mimo że dziewczyna planuje kontynuować podróż, młodzi, by nie przerywać ciekawej konwersacji, decydują się na wspólną wędrówkę po stolicy Austrii.
0%
483 Przesilenie zimowe Zrzędliwy nauczyciel historii zostaje w szkole podczas przerwy świątecznej aby pilnować uczniów, którzy nie mogą wrócić do domu. Wśród nich jest sprawiający problemy Angus.
0%
195 Sekrety morza Sześcioletnia Sirsza udaje się ze swoim bratem w magiczną podróż, podczas której odkryje, co stało się z jej mamą i jaką wartość ma rodzina.
0%
124 Sens życia wg Monty Pythona Grupa Monty Pythona postanawia pokazać czym jest sens życia, ukazując je z różnych punktów widzenia.
0%
288 Siła i honor Rok 1948. Historia czarnoskórego Amerykanina, który mimo nieprzychylności swoich przełożonych dąży do tego, by zostać wojskowym nurkiem biorącym udział w zadaniach specjalnych.
0%
480 Skazaniec Skazany za zabójstwo włamywacza Wade Porter trafia do więzienia o zaostrzonym rygorze. Pod okiem kolegi z celi, mordercy Johna Smitha, uczy się brutalnych zasad, panujących w zakładzie karnym.
0%
297 Słaby punkt Ambitny prokurator Willy Beachum prowadzi sprawę Teda Crawforda, który z zimną krwią zabił swoją żonę.
0%
470 Sound of Metal Opowieść o losach pary, która z dnia na dzień musi zmierzyć się z wyzwaniem bezpowrotnie zmieniającym ich życie.
0%
391 Spider-Man: Bez drogi do domu Kiedy cały świat dowiaduje się, że pod maską Spider Mana skrywa się Peter Parker, superbohater decyduje się zwrócić o pomoc do Doktora Strange'a.
0%
135 Spider-Man: Poprzez multiwersum Miles trafia do multiwersum, w którym spotyka innych Spider-Manów. Sam musi odkryć, co dla niego oznacza bycie bohaterem oraz jak uratować tych, na których mu zależy.
0%
54 Spirited Away: W krainie Bogów Mała Chihiro wyrusza w pełną niebezpieczeństw podróż, aby ocalić swoich rodziców.
0%
473 Spragnieni miłości Hongkong 1962. Su i Chow wynajmują mieszkania w tej samej kamienicy. Oboje osamotnieni z powodu nieobecności małżonków zaczynają darzyć się uczuciem.
0%
394 Stalker Stalker wraz z dwoma klientami podróżuje przez Zonę do tajemniczej komnaty, gdzie ponoć spełniają się marzenia.
0%
333 Sugar Man Historia muzyka Sixto Rodrigueza, któremu wróżono karierę większą niż Bobowi Dylanowi. Po drugiej płycie piosenkarz zapadł się pod ziemię.
0%
410 Sweeney Todd: Demoniczny golibroda z Fleet Street Golibroda wraca do wiktoriańskiego Londynu, by zemścić się na porywaczu żony i córki. We współpracy z sąsiadką otwiera zakład fryzjerski, dzięki któremu restauracja wspólniczki zaopatrywana jest w nadzienie do pasztecików.
0%
418 Świadek oskarżenia Stary, doświadczony adwokat mimo kłopotów zdrowotnych przyjmuje kolejną sprawę. Nie wie, że ma do czynienia z niezwykle zawiłą intrygą.
0%
309 Sztuka spadania Żołnierze, którzy postradali zmysły, zostają wysłani na odległą wyspę, gdzie kultywują swoje dziwactwa.
0%
358 Tajemnice Los Angeles Los Angeles, rok 1953. Trzech działających niezależnie od siebie funkcjonariuszy policji próbuje rozwiązać sprawę wielokrotnego zabójstwa w nocnym barze.
0%
419 Tam, gdzie rosną poziomki Profesor Isak Borg udaje się do Lundu, by wziąć udział w obchodach własnego jubileuszu naukowego. Mężczyzna rozmyśla o swoim życiu.
0%
257 Tańcząc w ciemnościach Tracąca wzrok Selma ciężko pracuje w fabryce, aby uzbierać pieniądze na operację syna, któremu również grozi ślepota.
0%
421 The Maker Dziwne stworzenie rozpoczyna wyścig z czasem, aby stworzyć najważniejsze i najpiękniejsze dzieło swojego życia.
0%
363 To właśnie miłość Dziesięć historii o miłości, a każda w innym wydaniu.
0%
284 To wspaniałe życie George Bailey popada w tarapaty finansowe, co skutkuje poważnym załamaniem nerwowym. Z opresji ratuje go anioł stróż, który pokazuje mu jak świat wyglądałby bez niego.
0%
199 Trener Nowy trener koszykarskiej drużyny z Richmond zaczyna stosować kontrowersyjne metody, by przywrócić dyscyplinę w zespole. Niektórym zawodnikom wyraźnie się to nie podoba.
0%
411 Twardowsky W wyniku zawarcia umowy z diabłem pan Twardowsky zostaje oddelegowany na Księżyc. Niebawem zjawia się u niego Diablica, która żąda zapłaty wcześniej ustalonej kwoty.
0%
300 Twardowsky 2.0 Diablica ściga Twardowsky'ego, który próbuje uciec z Układu Słonecznego.
0%
170 Twoje imię Mieszkająca na wsi nastoletnia Mitsuha Miyamizu oraz uczeń tokijskiego liceum, Taki Tachibana, budzą się pewnego poranka w nieznanych sobie pokojach. Wkrótce odkrywają, że ich ciała również nie należą do nich.
0%
137 Tylko nie mów nikomu Dziennikarz śledczy rozmawia z dziewięcioma księżmi katolickimi, którzy dopuścili się zbrodni pedofilii i molestowania nieletnich, a także ich ofiarami.
0%
471 Ukryte działania Trzy Afroamerykanki pracujące dla NASA pomagają przy wysłaniu przez USA pierwszej misji załogowej na orbitę Ziemi.
0%
368 Underground Marko jest łącznikiem pomiędzy grupą ukrywającą się pod miastem przed wojną i produkującą tam broń dla partyzantów, a światem zewnętrznym. Kiedy zagrożenie mija, nie powiadamia o tym mieszkańców podziemia.
0%
427 Vabank II, czyli riposta Kramer dzięki pomocy Sztyca ucieka z więzienia. Przed wyjazdem do Szwajcarii planuje zemścić się na Kwincie.
0%
487 Vaiana: Skarb oceanu Nastoletnia córka przywódcy plemienia, chcąc ocalić swoją wyspę przed zagładą, wyrusza na niebezpieczną wyprawę po oceanie.
0%
476 V jak Vendetta W totalitarnej Anglii jedyną osobą walczącą o wolność jest bojownik przebrany za Guya Fawkesa – V, który pewnego dnia uwalnia z rąk agentów rządowych młodą kobietę.
0%
484 Who Am I. Możesz być kim chcesz Benjamin, młody niemiecki geniusz komputerowy, zostaje zaproszony do grupy hakerów, którzy chcą, by usłyszał o nich cały świat.
0%
234 Wielka Szóstka Młody geniusz Hiro Hamada wraz ze swoim robotem Baymaxem zostaje uwikłany w plan zniszczenia miasta San Fransokyo.
0%
278 Wielkie piękno Historia starzejącego się dziennikarza, który przemierzając ulice Wiecznego Miasta, wspomina swoją pełną namiętności, acz bezpowrotnie utraconą młodość.
0%
185 W imię ojca Drobny złodziejaszek zostaje niesłusznie aresztowany za rzekomy udział w zamachu bombowym, po czym skazany na dożywocie. Wraz z ojcem i reprezentującą rodzinę prawniczką walczy o wolność.
0%
184 Wojownik Dwaj bracia, skłóceni i podzieleni tragiczną przeszłością, niezależnie od siebie postanawiają wystartować w wielkim turnieju mieszanych sztuk walki.
0%
433 Wróg publiczny Młody prawnik wchodzi w posiadanie dowodu zbrodni dokonanej przez rządowych agentów i staje się celem szpiegowskich ataków.
0%
445 Wszystko o mojej matce Zrozpaczona po stracie syna Manuela wyrusza do Barcelony, aby odnaleźć jego ojca.
0%
435 Wyspa psów Japonia, niedaleka przyszłość. Decyzją władz wszystkie psy w mieście zostają wygnane na pobliskie wysypisko śmieci. Nastoletni chłopiec udaje się tam, by odnaleźć swojego pupila.
0%
428 Zabójczy numer Życiowy nieudacznik zostaje przez przypadek wplątany w porachunki szefów dwóch największych gangów w Nowym Jorku.
0%
403 Za garść dolarów Samotny rewolwerowiec przybywa do małego miasteczka, w którym dwie bandy przemytników toczą ze sobą wojnę.
0%
343 Z dystansu Utalentowany pedagog unika przywiązywania się emocjonalnie do uczniów i kolegów z pracy. Poznaje trzy kobiety, dzięki którym jego podejście ulega zmianie.
0%
447 Zniewolony. 12 Years a Slave Połowa XIX wieku. Mieszkaniec Nowego Jorku zostaje porwany i sprzedany jako niewolnik na południe Stanów Zjednoczonych.
0%
101 Życie Carlita Po wyjściu z więzienia skruszony gangster planuje wieść uczciwy żywot. Starzy przyjaciele nie dają o sobie jednak zapomnieć.
0%
372 Życie na podsłuchu Agent służb specjalnych w NRD otrzymuje zadanie śledzenia poczynań znanego pisarza i jego partnerki. Z czasem zaczyna współczuć podsłuchiwanym.
0%
201 Życie za życie Walczący o zniesienie kary śmierci profesor teksańskiego uniwersytetu, David Gale, zostaje aresztowany za zgwałcenie i zamordowanie koleżanki.
0%
Nie znaleziono quizów pasujących do podanych kryteriów
Rozkład punktacji
Procent ludzi z każdym wynikiem
Percentyl według liczby udzielonych odpowiedzi
Twoja historia wyników
Nie rozwiązałeś tego quizu